| 000 | 00347cam a22001217a 4500 | ||
|---|---|---|---|
| 008 | 180718b1961 xxu||||| |||| 00| 0 eng d | ||
| 082 | _aR7x54 K96 | ||
| 100 | _aKumar, C.B. | ||
| 245 |
_aDevelopment of industrial relations in India _cby C.B. Kumar |
||
| 260 |
_aBombay _bOrinet Longmans _c1961 |
||
| 300 | _a250p. | ||
| 650 | _aLabour Relations- India | ||
| 999 |
_c369872 _d369872 |
||